Statistiques concernant Challenge league Suisse

Cliquez ici pour prendre le quiz!

Statistiques générales

  • Ce quiz a été pris 44 fois
  • Le résultat moyen est 8 sur 10

Statistiques - réponses

Clubs% Correct
FC Lausanne-Sport
100%
FC Neuchâtel Xamax
89%
Yverdon Sports FC
81%
FC Stade-Lausanne-Ouchy
78%
FC Vaduz
78%
AC Bellinzona
73%
FC Aarau
73%
FC Thun
73%
FC Wil
73%
FC Schaffhausen
57%

Distribution des résultats

Percentile par nombre de réponses

% des personnes avec chaque résultat

Votre développement - résultats

Vous n’avez pas pris ce quiz